Topological Vector Spaces 1 (Record no. 6402)

MARC details
000 -LEADER
fixed length control field 00955cam a2200301 a 4500
001 - CONTROL NUMBER
control field 916642
003 - CONTROL NUMBER IDENTIFIER
control field OSt
005 - DATE AND TIME OF LATEST TRANSACTION
control field 20231208085023.0
008 - FIXED-LENGTH DATA ELEMENTS--GENERAL INFORMATION
fixed length control field 821201m19839999gw b 001 0 eng
010 ## - LIBRARY OF CONGRESS CONTROL NUMBER
LC control number 82019555
020 ## - INTERNATIONAL STANDARD BOOK NUMBER
International Standard Book Number 9783642649905
040 ## - CATALOGING SOURCE
Original cataloging agency DLC
Transcribing agency DLC
Modifying agency DLC
-- OCoLC
-- DLC
041 1# - LANGUAGE CODE
Language code of text/sound track or separate title engger
082 00 - DEWEY DECIMAL CLASSIFICATION NUMBER
Item number 514 KOT 1983
Edition number 19
100 1# - MAIN ENTRY--PERSONAL NAME
Personal name Kothe, Gottfried; Garling, D.J.H.
9 (RLIN) 13133
245 10 - TITLE STATEMENT
Title Topological Vector Spaces 1
250 ## - EDITION STATEMENT
Edition statement 2nd print. rev.
260 ## - PUBLICATION, DISTRIBUTION, ETC. (IMPRINT)
Place of publication, distribution, etc. Berlin ;
Name of publisher, distributor, etc. Springer-Verlag,
Date of publication, distribution, etc. 1983
300 ## - PHYSICAL DESCRIPTION
Extent xv, 456p
Dimensions 24 cm.
490 1# - SERIES STATEMENT
Series statement Grundlehren der mathematischen Wissenschaften ;
Volume/sequential designation 159-
500 ## - GENERAL NOTE
General note Translation of: Topologische lineare Raume.
500 ## - GENERAL NOTE
General note Includes index.
504 ## - BIBLIOGRAPHY, ETC. NOTE
Bibliography, etc Bibliography: v. 1, p. [437]-446.
650 #0 - SUBJECT ADDED ENTRY--TOPICAL TERM
Topical term or geographic name as entry element Topology
9 (RLIN) 13134
830 #0 - SERIES ADDED ENTRY--UNIFORM TITLE
Uniform title Grundlehren der mathematischen Wissenschaften ;
Volume number/sequential designation 159, etc.
9 (RLIN) 13135
906 ## - LOCAL DATA ELEMENT F, LDF (RLIN)
a 7
b cbc
c orignew
d 1
e ocip
f 19
g y-gencatlg
942 ## - ADDED ENTRY ELEMENTS (KOHA)
Source of classification or shelving scheme Dewey Decimal Classification
Koha item type Open Shelf
Holdings
Withdrawn status Lost status Source of classification or shelving scheme Damaged status Not for loan Home library Current library Date acquired Source of acquisition Inventory number Total Checkouts Full call number Barcode Date last seen Koha item type
    Dewey Decimal Classification     MUST Main Library MUST Main Library 09/12/2019 Purchase 19/40922   514 KOT 1983 2019-0710 09/12/2019 Open Shelf
    Dewey Decimal Classification     MUST Main Library MUST Main Library 09/12/2019 Purchase 19/40921   514 KOT 1983 2019-0711 09/12/2019 Open Shelf
    Dewey Decimal Classification     MUST Main Library MUST Main Library 09/12/2019 Purchase 19/40924   514 KOT 1983 2019-0712 09/12/2019 Open Shelf
    Dewey Decimal Classification     MUST Main Library MUST Main Library 09/12/2019 Purchase 19/40923   514 KOT 1983 2019-0713 09/12/2019 Open Shelf
    Dewey Decimal Classification     MUST Main Library MUST Main Library 22/10/2025 Purchase 25/42431   514 KOT 1983 2025-0151 22/10/2025 Open Shelf
    Dewey Decimal Classification     MUST Main Library MUST Main Library 22/10/2025 Purchase 25/42432   514 KOT 1983 2025-0152 22/10/2025 Open Shelf